[Event "I C.to Mondiale Disabili"]
[Site "Dresda GER"]
[Date "2013.10.??"]
[Round "?"]
[White "Badano, Giancarlo"]
[Black "Checiak, Krzysztof"]
[WhiteElo "1920"]
[BlackElo "2149"]
[Result "1/2-1/2"]
[PlyCount "102"]
[EventDate "2013.10.21"]

1. e4 e5 2. Nf3 Nc6 3. Bc4 Bc5 4. d3 d6 5. Nc3 h6 6. h3 Nf6 7. O-O a6 8. Be3
Qe7 9. Nd5 Nxd5 10. Bxd5 Bd7 11. Bxc5 dxc5 12. Bxc6 Bxc6 13. Qe2 O-O-O 14. Nd2
g5 15. Nc4 h5 16. Ne3 Rdg8 17. g3 Bd7 18. Kg2 Rg6 19. Rh1 Kb8 20. g4 Rgh6 21.
Nf5 Bxf5 22. gxf5 a5 23. a4 Rg8 24. b3 Rh7 25. Qd2 b6 26. Rad1 f6 27. Qe2 Qe8
28. Qd2 Rhg7 29. Qe2 g4 30. h4 Rd7 31. Qe3 Kb7 32. Qh6 Rd6 33. Kg3 Rh8 34. Qe3
Rh7 35. Ra1 Rd8 36. Rhd1 Qd7 37. Re1 Qd6 38. Kg2 Kc6 39. Kg3 Qd4 40. Rad1 Rb8
41. Qd2 Kd7 42. Kg2 Ke7 43. c3 Qd7 44. d4 cxd4 45. cxd4 Qxd4 46. Qxd4 exd4 47.
Rxd4 Rd8 48. Rxd8 Kxd8 49. e5 fxe5 50. Rxe5 Re7 51. Rd5+ Rd7 1/2-1/2

[Event "I C.to Mondiale Disabili"]
[Site "Dresda GER"]
[Date "2013.10.??"]
[Round "?"]
[White "Badano, Giancarlo"]
[Black "Gunajew, Rafal"]
[WhiteElo "1920"]
[BlackElo "2296"]
[Result "0-1"]
[PlyCount "80"]
[EventDate "2013.10.21"]

1. e4 c5 2. Nc3 a6 3. a4 Nc6 4. g3 g6 5. Bg2 Bg7 6. Nge2 e6 7. O-O Nge7 8. d3
d5 9. b3 O-O 10. Bb2 Qa5 11. Qc1 d4 12. Nb1 f5 13. Na3 e5 14. Nc4 Qc7 15. Qd2
Be6 16. f3 Rf7 17. h3 Raf8 18. Rae1 b5 19. axb5 axb5 20. Na3 Qb6 21. Rb1 Ra8
22. Kh2 Nc8 23. Ra1 Rfa7 24. Qc1 fxe4 25. fxe4 Nb4 26. Qd1 Nc6 27. Qc1 Nd6 28.
Qb1 c4 29. dxc4 bxc4 30. Nxc4 Nxc4 31. Rxa7 Rxa7 32. bxc4 Bxc4 33. Bxd4 Qxb1
34. Rxb1 Nxd4 35. Nxd4 exd4 36. Rb8+ Kf7 37. Rc8 Be6 38. Rc6 Be5 39. Bf1 Ra1
40. Bd3 Rd1 0-1

[Event "I C.to Mondiale Disabili"]
[Site "Dresda GER"]
[Date "2013.10.??"]
[Round "?"]
[White "Badano, Giancarlo"]
[Black "Napierala, Malgorzata"]
[WhiteElo "1920"]
[BlackElo "1737"]
[Result "1-0"]
[PlyCount "121"]
[EventDate "2013.10.21"]

1. e4 e5 2. Nf3 Nc6 3. Bc4 Bc5 4. d3 h6 5. Nc3 Nf6 6. h3 O-O 7. Be3 Bb4 8. Qd2
Nh5 9. Bxh6 Qf6 10. Bg5 Qg6 11. Nh4 Qh7 12. Nf5 d5 13. Bxd5 Bxf5 14. exf5 Nd4
15. Be4 g6 16. g4 Ng7 17. f6 Nge6 18. O-O-O Bxc3 19. bxc3 Nxg5 20. cxd4 Nxe4
21. dxe4 exd4 22. Qxd4 Qh6+ 23. Qd2 Qh4 24. Qf4 Rfe8 25. e5 Re6 26. Rd3 Rae8
27. Re3 Ra6 28. a3 Ree6 29. Rd1 Re8 30. Rd7 b5 31. Rxc7 Ra4 32. Qg3 Qg5 33. h4
Qxg4 34. Qxg4 Rxg4 35. Rxa7 Rxh4 36. Rb7 Rf4 37. Re7 Ra8 38. f3 Rc8 39. Kb2
Rfc4 40. c3 Ra8 41. Rb7 Rca4 42. Rxb5 Rxa3 43. Rb8+ Rxb8+ 44. Kxa3 Kf8 45. Rd3
Ke8 46. f4 Rb1 47. Rd4 Ra1+ 48. Kb4 Re1 49. Kc5 g5 50. fxg5 Rxe5+ 51. Rd5 Re3
52. c4 Re4 53. Kb5 Re1 54. Kc6 Rc1 55. c5 Ra1 56. Kb6 Ra8 57. c6 Rb8+ 58. Kc7
Ra8 59. Kb7 Rd8 60. Rxd8+ Kxd8 61. c7+ 1-0

[Event "I C.to Mondiale Disabili"]
[Site "Dresda GER"]
[Date "2013.10.??"]
[Round "?"]
[White "Balakhieva, Klavdia"]
[Black "Russo Spena, Vincenzo"]
[WhiteElo "1802"]
[BlackElo "1486"]
[Result "0-1"]
[PlyCount "54"]
[EventDate "2013.10.21"]

1. e4 e5 2. Nf3 Nc6 3. Bc4 Bc5 4. d3 d6 5. Ng5 Nh6 6. h3 Na5 7. Bb3 Nxb3 8.
cxb3 O-O 9. Nf3 Qf6 10. g4 Nxg4 11. d4 Bxd4 12. Bg5 Nxf2 13. Qe2 Qg6 14. Be3
Nxh1 15. Nxd4 Ng3 16. Qg2 Nxe4 17. Qxg6 fxg6 18. Ne2 Bxh3 19. Nd2 g5 20. Nxe4
Rf1+ 21. Kd2 Rxa1 22. Nxg5 Bg4 23. Nc3 h6 24. Nge4 d5 25. Nc5 d4 26. Nb5 Rd1+
27. Kc2 dxe3 0-1

[Event "I C.to Mondiale Disabili"]
[Site "Dresda GER"]
[Date "2013.10.??"]
[Round "?"]
[White "Bernardi, Ruben"]
[Black "Andreev, Gennady"]
[WhiteElo "2109"]
[BlackElo "1808"]
[Result "0-1"]
[PlyCount "55"]
[EventDate "2013.10.21"]

1. e4 c6 2. d4 d5 3. exd5 cxd5 4. c4 Nc6 5. Nc3 dxc4 6. d5 Ne5 7. Bf4 Ng6 8.
Bg3 a6 9. a4 Qb6 10. Bxc4 Qxb2 11. Nge2 Qb4 12. Ba2 Nf6 13. O-O Nh5 14. Rb1 Qg4
15. f3 Qd7 16. Bf2 b5 17. Qd4 e5 18. dxe6 fxe6 19. Qe3 Be7 20. Rfd1 Qc6 21. Nd4
Qc7 22. axb5 axb5 23. Nxe6 Bxe6 24. Qxe6 Rxa2 25. Nxb5 Qc2 26. Nd6+ Kd8 27.
Nf7+ Ke8 28. Rd8# 0-1

[Event "I C.to Mondiale Disabili"]
[Site "Dresda GER"]
[Date "2013.10.??"]
[Round "?"]
[White "Bernardi, Ruben"]
[Black "Balberov, Alexander"]
[WhiteElo "2109"]
[BlackElo "2366"]
[Result "1/2-1/2"]
[PlyCount "104"]
[EventDate "2013.10.21"]

1. e4 d6 2. d4 Nf6 3. Nc3 e5 4. Nf3 Nbd7 5. g3 Be7 6. Bg2 O-O 7. O-O c6 8. a4
b6 9. Re1 a6 10. h3 Bb7 11. Bg5 Qc7 12. Qd2 Rfe8 13. Rad1 b5 14. dxe5 dxe5 15.
Nh4 g6 16. Bh6 Kh8 17. Kh2 Rad8 18. axb5 axb5 19. Qe2 Nc5 20. Nb1 Rxd1 21. Rxd1
Rd8 22. Rxd8+ Qxd8 23. Nf3 Qc7 24. Nfd2 Ne6 25. Be3 Kg7 26. Nb3 h5 27. Nc3 h4
28. Qd2 Bc8 29. Ne2 Nh7 30. Qc3 Bf6 31. Nc5 Nxc5 32. Qxc5 Ng5 33. Bxg5 Bxg5 34.
Nd4 Bb7 35. Nf3 hxg3+ 36. fxg3 Bf6 37. Bf1 Ba6 38. c3 Qd7 39. Nxe5 Qd2+ 40. Bg2
Bc8 41. Nf3 Qxb2 42. e5 Bd8 43. Qxc6 Be6 44. Nd4 Bc4 45. e6 Qf2 46. Qb7 Bh4 47.
Qc7 Bg5 48. exf7 Qxf7 49. Nxb5 Bxb5 50. Qe5+ Bf6 51. Qxb5 Bxc3 52. Qd3 Be5
1/2-1/2

[Event "I C.to Mondiale Disabili"]
[Site "Dresda GER"]
[Date "2013.10.??"]
[Round "?"]
[White "Bernardi, Ruben"]
[Black "Markov, Ilja"]
[WhiteElo "2109"]
[BlackElo "1917"]
[Result "1/2-1/2"]
[PlyCount "114"]
[EventDate "2013.10.21"]

1. e4 d5 2. exd5 Nf6 3. d4 Nxd5 4. c4 Nf6 5. Nc3 g6 6. Nge2 b6 7. Bg5 Bg7 8.
Qd2 Bf5 9. Ng3 Bd7 10. Be2 Na6 11. Bf3 Rb8 12. O-O O-O 13. Rfe1 Re8 14. a3 c6
15. Rad1 Rc8 16. h4 Bg4 17. Qe2 Bxf3 18. Qxf3 Qd7 19. b4 h6 20. Bc1 Qg4 21.
Qxg4 Nxg4 22. f3 Nf6 23. Rd3 e6 24. Red1 Red8 25. Nge2 Rd7 26. Be3 Rcd8 27. Nc1
Nc7 28. a4 Nce8 29. b5 cxb5 30. axb5 Nh5 31. g4 Nhf6 32. Nb3 Nd6 33. c5 Nc4 34.
Bc1 bxc5 35. Nxc5 Rc7 36. Na6 Rcd7 37. Nb4 Nb6 38. Nc6 Rc8 39. Ne4 Nxe4 40.
fxe4 a6 41. Be3 axb5 42. d5 Nc4 43. dxe6 Rxd3 44. Rxd3 Rxc6 45. Rd8+ Kh7 46. e7
Re6 47. Bc5 Rxe4 48. e8=Q Rxe8 49. Rxe8 Ne5 50. Re7 Bf6 51. Rb7 Kg7 52. Kg2
Nxg4 53. Kh3 h5 54. Rxb5 Be5 55. Rb7 Bf6 56. Rb8 Kh7 57. Re8 Be5 1/2-1/2

[Event "I C.to Mondiale Disabili"]
[Site "Dresda GER"]
[Date "2013.10.??"]
[Round "?"]
[White "Chernov, Igor"]
[Black "Visco, Michele"]
[WhiteElo "2086"]
[BlackElo "1515"]
[Result "1-0"]
[PlyCount "39"]
[EventDate "2013.10.21"]

1. b3 Nf6 2. Bb2 e5 3. e3 g6 4. Bxe5 Bg7 5. Bb2 O-O 6. Nf3 d6 7. d4 c5 8. Be2
cxd4 9. Bxd4 Nc6 10. c3 a6 11. O-O Nxd4 12. Nxd4 Qa5 13. Qd3 Re8 14. Bf3 Bd7
15. Rd1 Bc6 16. Nd2 Rab8 17. Nf1 d5 18. a4 Qc5 19. b4 Qd6 20. a5 1-0

[Event "I C.to Mondiale Disabili"]
[Site "Dresda GER"]
[Date "2013.10.??"]
[Round "?"]
[White "Denisov, Denis"]
[Black "Visco, Michele"]
[WhiteElo "1965"]
[BlackElo "1515"]
[Result "1-0"]
[PlyCount "79"]
[EventDate "2013.10.21"]

1. Nf3 Nf6 2. g3 g6 3. Nc3 d6 4. Bg2 Bg7 5. d4 O-O 6. e4 c5 7. d5 Bg4 8. h3
Bxf3 9. Qxf3 Qb6 10. O-O Nfd7 11. Qe2 Bd4 12. Nb5 Be5 13. a4 a6 14. Na3 Qc7 15.
Nc4 Bg7 16. a5 Ne5 17. Nd2 f5 18. f4 Ned7 19. exf5 Rxf5 20. Qxe7 Rf7 21. Qe8+
Rf8 22. Qe6+ Kh8 23. Ne4 Nf6 24. Nxd6 Nbd7 25. Nf7+ Kg8 26. Nh6+ Kh8 27. Nf7+
Kg8 28. d6 Qc8 29. Bxb7 Qe8 30. Ng5+ Kh8 31. Bxa8 Qxe6 32. Nxe6 Rxa8 33. Be3
Ne4 34. Nxg7 Kxg7 35. Kg2 Rb8 36. Ra4 Re8 37. Kf3 Nxd6 38. Rd1 Re6 39. f5 gxf5
40. Bf4 1-0

[Event "I C.to Mondiale Disabili"]
[Site "Dresda GER"]
[Date "2013.10.??"]
[Round "?"]
[White "Gerasimov, Aleksander"]
[Black "Grudina, Marco"]
[WhiteElo "2175"]
[BlackElo "1718"]
[Result "1-0"]
[PlyCount "93"]
[EventDate "2013.10.21"]

1. d4 d5 2. c4 c6 3. Nf3 Nf6 4. Nc3 e6 5. e3 Nbd7 6. Qc2 Bd6 7. b3 O-O 8. Be2
Re8 9. O-O e5 10. cxd5 cxd5 11. Nb5 Bb8 12. Ba3 a6 13. Nd6 Bxd6 14. Bxd6 e4 15.
Nd2 Nb8 16. Bg3 Nc6 17. h3 Bf5 18. a3 Rc8 19. Qb2 h6 20. Rfc1 Qd7 21. b4 Ne7
22. b5 axb5 23. Bxb5 Nc6 24. Nb3 Nh5 25. Nc5 Qe7 26. Bh2 Qg5 27. Kh1 Qf6 28.
Qe2 Qh4 29. Nxb7 Re6 30. Rxc6 Rcxc6 31. Bxc6 Rxc6 32. Nc5 Rg6 33. Rg1 Nf6 34.
Bg3 Qg5 35. h4 Qg4 36. Qxg4 Nxg4 37. Re1 Rb6 38. Ra1 Rb2 39. Kg1 Rb6 40. a4 Rg6
41. a5 Nxe3 42. fxe3 Rxg3 43. Kf2 Rg6 44. a6 Rf6 45. a7 Bc8+ 46. Kg3 Rg6+ 47.
Kh2 1-0

[Event "I C.to Mondiale Disabili"]
[Site "Dresda GER"]
[Date "2013.10.??"]
[Round "?"]
[White "Grudina, Marco"]
[Black "Alchinidi, Yuri"]
[WhiteElo "1718"]
[BlackElo "1997"]
[Result "1-0"]
[PlyCount "87"]
[EventDate "2013.10.21"]

1. e4 e5 2. Bc4 Nf6 3. Nc3 Bc5 4. d3 h6 5. f4 d6 6. h3 c6 7. Qe2 a5 8. a4 O-O
9. fxe5 dxe5 10. Be3 Bxe3 11. Qxe3 Qd6 12. Nf3 Nbd7 13. O-O Nh5 14. Nh4 Nf4 15.
Ne2 Qf6 16. Nxf4 Qxh4 17. Ng6 Qd8 18. Nxf8 Nxf8 19. Bxf7+ Kh7 20. Rf2 Ne6 21.
Bxe6 Bxe6 22. Raf1 Qe7 23. Qg3 Qd6 24. Kh1 b5 25. axb5 cxb5 26. c3 b4 27. d4
bxc3 28. dxe5 Qc6 29. bxc3 Qxe4 30. Rd2 Qc4 31. Rfd1 Qc7 32. Rd6 Re8 33. Qd3+
Kg8 34. Qd4 Qc8 35. Qa4 Bxh3 36. Kh2 Rf8 37. Qxa5 Bxg2 38. Qa2+ Kh8 39. Qxg2
Qxc3 40. Qe2 Qc5 41. Rd8 Qe7 42. Rxf8+ Qxf8 43. Rf1 Qe7 44. Qe4 1-0

[Event "I C.to Mondiale Disabili"]
[Site "Dresda GER"]
[Date "2013.10.??"]
[Round "?"]
[White "Grudina, Marco"]
[Black "Anfinogenov, Artem"]
[WhiteElo "1718"]
[BlackElo "2035"]
[Result "0-1"]
[PlyCount "88"]
[EventDate "2013.10.21"]

1. e4 c5 2. Nf3 Nc6 3. d4 cxd4 4. Nxd4 e5 5. Nb5 d6 6. N1c3 a6 7. Na3 b5 8. Nd5
Nce7 9. c4 Nxd5 10. exd5 bxc4 11. Bxc4 Nf6 12. Bg5 Be7 13. Bxf6 Bxf6 14. O-O
O-O 15. Qe2 Qb6 16. Bb3 Bb7 17. Qd2 a5 18. Nc4 Qd8 19. Qd1 Ba6 20. Rc1 Rc8 21.
Qg4 Rc5 22. Rfd1 Qc7 23. Rc2 a4 24. Bxa4 Rxc4 25. Rxc4 Qxc4 26. Qxc4 Bxc4 27.
b3 Ba6 28. Bc6 Rb8 29. Rb1 Rb4 30. a3 Bd3 31. Rb2 e4 32. axb4 Bxb2 33. b5 Bd4
34. g3 Kf8 35. Kg2 Ke7 36. h4 f5 37. Kg1 Bb6 38. Kg2 h6 39. Kg1 g5 40. hxg5
hxg5 41. Kg2 f4 42. gxf4 gxf4 43. b4 e3 44. fxe3 fxe3 0-1

[Event "I C.to Mondiale Disabili"]
[Site "Dresda GER"]
[Date "2013.10.??"]
[Round "?"]
[White "Amarnath, Inaganti"]
[Black "Vinciguerra, Riccardo"]
[WhiteElo "2023"]
[BlackElo "1624"]
[Result "1-0"]
[PlyCount "49"]
[EventDate "2013.10.21"]

1. e4 d5 2. exd5 Qxd5 3. Nc3 Qd6 4. Bc4 e6 5. Nf3 Nf6 6. O-O c6 7. d3 Be7 8.
Qe2 Nbd7 9. Ne4 Nxe4 10. dxe4 b5 11. Bd3 Nc5 12. Rd1 Nxd3 13. Rxd3 Qc7 14. Bg5
h6 15. Bxe7 Qxe7 16. Rad1 O-O 17. Rd6 Qc7 18. Ne5 Bb7 19. Qh5 c5 20. Rd7 Rad8
21. Rxc7 Rxd1+ 22. Qxd1 Bxe4 23. Nxf7 Bd5 24. Nxh6+ gxh6 25. Qg4+ 1-0

[Event "I C.to Mondiale Disabili"]
[Site "Dresda GER"]
[Date "2013.10.??"]
[Round "?"]
[White "Krause, Stefan"]
[Black "Vinciguerra, Riccardo"]
[WhiteElo "1961"]
[BlackElo "1624"]
[Result "1-0"]
[PlyCount "87"]
[EventDate "2013.10.21"]

1. d4 b6 2. c4 Bb7 3. Nc3 e6 4. Nf3 d6 5. e4 g6 6. Be2 Bg7 7. O-O Ne7 8. Bg5
Nd7 9. Qd2 h6 10. Be3 a6 11. Rad1 c5 12. h3 Qc7 13. d5 e5 14. Ne1 O-O-O 15. Nd3
f5 16. f4 fxe4 17. Nxe4 Nf5 18. fxe5 Nxe5 19. Nxe5 Bxe5 20. Bg4 Rdf8 21. Bxh6
Rf7 22. Ng5 Rf6 23. Ne6 Bd4+ 24. Nxd4 cxd4 25. Qxd4 Rf7 26. Qxh8+ Kd7 27. Rde1
Qc5+ 28. Kh2 Kc7 29. Bxf5 gxf5 30. Rxf5 Rd7 31. Qc3 a5 32. Be3 Qb4 33. Qxb4
axb4 34. Bd2 Ba6 35. Bxb4 Bxc4 36. Rc1 b5 37. b3 Kb7 38. bxc4 bxc4 39. Rxc4 Kb6
40. a4 Rh7 41. Rf6 Kb7 42. Rxd6 Ka7 43. Re6 Kb7 44. Re7+ 1-0

[Event "I C.to Mondiale Disabili"]
[Site "Dresda GER"]
[Date "2013.10.??"]
[Round "?"]
[White "Kurochkina, Elena"]
[Black "Russo Spena, Vincenzo"]
[WhiteElo "1812"]
[BlackElo "1486"]
[Result "1-0"]
[PlyCount "117"]
[EventDate "2013.10.21"]

1. d4 d5 2. c4 Nf6 3. Nc3 e6 4. cxd5 Nxd5 5. Bd2 c5 6. Nf3 Nc6 7. e4 Nb6 8. Be3
Nd7 9. Bb5 cxd4 10. Nxd4 Nxd4 11. Bxd4 a6 12. Be2 e5 13. Be3 Be7 14. O-O O-O
15. Rc1 Bc5 16. Nd5 Bxe3 17. Nxe3 Nf6 18. Qc2 Be6 19. Rfd1 Qc8 20. Qb1 Qe8 21.
Rc7 Rb8 22. b3 b5 23. Rc5 Nd7 24. Rc6 Rb6 25. Rc7 Rb8 26. Rdc1 Nb6 27. Qb2 f6
28. Qa3 Ra8 29. Re7 Qg6 30. Rxe6 Rfb8 31. Nf5 Qg5 32. Re7 Qd2 33. Rxg7+ Kh8 34.
Bf3 b4 35. Rd1 Qxd1+ 36. Bxd1 bxa3 37. Rc7 Rd8 38. Ne3 Rd2 39. Bc2 Rad8 40. Kf1
Rxc2 41. Rxc2 a5 42. Ke2 Rd4 43. Rc6 Nd7 44. Rc8+ Kg7 45. Nf5+ Kg6 46. Nxd4
exd4 47. Rd8 Ne5 48. Rxd4 Ng4 49. h3 Ne5 50. Ra4 Nc6 51. Rxa3 h5 52. Ra4 Kf7
53. Ke3 Ke6 54. f4 Ke7 55. a3 Ke6 56. b4 axb4 57. axb4 Kd7 58. b5 Nd8 59. Rd4+
1-0

[Event "I C.to Mondiale Disabili"]
[Site "Dresda GER"]
[Date "2013.10.??"]
[Round "?"]
[White "Michalowski, Richard"]
[Black "Vinciguerra, Riccardo"]
[WhiteElo "1795"]
[BlackElo "1624"]
[Result "1/2-1/2"]
[PlyCount "70"]
[EventDate "2013.10.21"]

1. c4 g6 2. d4 Bg7 3. Nf3 d6 4. Nc3 e6 5. e4 Ne7 6. Bd3 b6 7. Be3 Bb7 8. Qd2 h6
9. d5 e5 10. Rc1 a6 11. O-O Nd7 12. b4 c5 13. dxc6 Bxc6 14. Bc2 Qc7 15. Rfd1
Nc8 16. Nd5 Bxd5 17. cxd5 b5 18. Bd3 Qb8 19. Qc2 O-O 20. Nd2 Nf6 21. h3 Nb6 22.
Qc7 Nfd7 23. Rc6 Qxc7 24. Rxc7 Rfc8 25. Rdc1 Bf8 26. Nb3 Rxc7 27. Rxc7 Rc8 28.
Rxc8 Nxc8 29. Na5 Kg7 30. f4 f6 31. g4 exf4 32. Bxf4 Ne5 33. Be2 g5 34. Be3 Be7
35. Bf2 Bf8 1/2-1/2

[Event "I C.to Mondiale Disabili"]
[Site "Dresda GER"]
[Date "2013.10.??"]
[Round "?"]
[White "Petrov, Alexey"]
[Black "Badano, Giancarlo"]
[WhiteElo "2040"]
[BlackElo "1920"]
[Result "1/2-1/2"]
[PlyCount "120"]
[EventDate "2013.10.21"]

1. e4 e6 2. d4 d5 3. e5 c5 4. c3 Nc6 5. Nf3 Bd7 6. Be2 Nge7 7. Na3 a6 8. O-O
Nf5 9. Nc2 Be7 10. Ne3 Nxe3 11. Bxe3 cxd4 12. cxd4 Rc8 13. a3 O-O 14. b4 Na7
15. Qb3 Bb5 16. Bxb5 Nxb5 17. Rfc1 Qb6 18. g3 h6 19. Kg2 Na7 20. Nd2 Qb5 21.
Rab1 Rxc1 22. Rxc1 Rc8 23. Rxc8+ Nxc8 24. Qc3 Qd7 25. Nb3 Nb6 26. Na5 Na4 27.
Qc2 Nb6 28. f4 h5 29. h3 Nc8 30. g4 hxg4 31. hxg4 g6 32. Bf2 Na7 33. Be3 Nc6
34. Nb3 b6 35. Nc1 Nb8 36. Ne2 Qc6 37. Qxc6 Nxc6 38. Bd2 f6 39. Bc3 Kf7 40. Kf3
f5 41. g5 Na7 42. Ke3 Ke8 43. Kd3 Nc8 44. Kc2 b5 45. Kb3 Nb6 46. Bb2 Kd7 47.
Nc3 Kc6 48. Nd1 Nd7 49. Bc1 Bd8 50. Ne3 Bb6 51. Kc3 Bd8 52. Kd3 Bb6 53. Nd1 Bd8
54. Nc3 Nb6 55. Ne2 Nd7 56. Ng1 Bb6 57. Be3 Bd8 58. Nf3 Nf8 59. Kc3 Bb6 60. Kb3
Bd8 1/2-1/2

[Event "I C.to Mondiale Disabili"]
[Site "Dresda GER"]
[Date "2013.10.??"]
[Round "?"]
[White "Stachanczyk, Jacek"]
[Black "Bernardi, Ruben"]
[WhiteElo "2229"]
[BlackElo "2109"]
[Result "1-0"]
[PlyCount "79"]
[EventDate "2013.10.21"]

1. e4 c5 2. Nf3 Nc6 3. d4 cxd4 4. Nxd4 e5 5. Nb5 d6 6. N1c3 a6 7. Na3 b5 8. Nd5
Nf6 9. Bg5 Be7 10. Bxf6 Bxf6 11. c3 Bg5 12. Nc2 O-O 13. a4 bxa4 14. Rxa4 a5 15.
Bc4 Rb8 16. b3 Kh8 17. Nce3 Ne7 18. Nxe7 Qxe7 19. Nd5 Qd8 20. O-O f5 21. exf5
Bxf5 22. Ra2 Bd7 23. Qd3 a4 24. bxa4 Qa5 25. Nb4 Be7 26. Qd5 Qa8 27. a5 Qa7 28.
a6 Rfc8 29. Qf7 Bf6 30. Rd1 Rc7 31. Qd5 Be7 32. h3 Rf8 33. Qe4 Bf5 34. Qe2 Rfc8
35. Bd5 Rxc3 36. Bb7 Be6 37. Bxc8 Bxa2 38. Bb7 Bb3 39. Qb2 Bxd1 40. Qxc3 1-0

[Event "I C.to Mondiale Disabili"]
[Site "Dresda GER"]
[Date "2013.10.??"]
[Round "?"]
[White "Strekalovski, Viktor"]
[Black "Badano, Giancarlo"]
[WhiteElo "2096"]
[BlackElo "1920"]
[Result "1-0"]
[PlyCount "135"]
[EventDate "2013.10.21"]

1. b3 Nf6 2. Bb2 e6 3. e3 g6 4. g4 Bg7 5. Be2 O-O 6. h4 Ne4 7. Bxg7 Kxg7 8. Nf3
h6 9. Nc3 Nxc3 10. dxc3 d6 11. Qd2 e5 12. g5 h5 13. O-O-O Nc6 14. Rhg1 Bf5 15.
Nh2 Qe7 16. Nf1 Rad8 17. Ng3 Rh8 18. Nxf5+ gxf5 19. Qd5 Kg6 20. Bb5 Qd7 21. f4
a6 22. Be2 e4 23. a4 Qe6 24. Bc4 Qxd5 25. Bxd5 Rb8 26. b4 Rhd8 27. Bb3 b6 28.
Rd2 Re8 29. Rgd1 Red8 30. Kb2 Kg7 31. Ka3 Kg6 32. Rd5 Ne7 33. R5d4 Kg7 34. c4
Nc6 35. Rd5 Ne7 36. R5d2 a5 37. bxa5 bxa5 38. c5 Nc8 39. cxd6 Nxd6 40. Rd5 Ra8
41. R1d4 Kg6 42. Rc5 Ra7 43. Rdd5 Rda8 44. Re5 Kg7 45. Re7 Rc8 46. Rd7 Rb8 47.
Rcxc7 Rxc7 48. Rxc7 Rc8 49. Ra7 Rc5 50. Rd7 Nc4+ 51. Ka2 Kg6 52. c3 Rc6 53.
Bxc4 Rxc4 54. Rd6+ Kg7 55. Kb3 Rc5 56. c4 Rc8 57. Rd5 Rb8+ 58. Kc3 Rb1 59. Rxf5
Rh1 60. Rxa5 Rxh4 61. Kd4 Rg4 62. Rb5 h4 63. Rb2 f5 64. Ke5 h3 65. Rb7+ Kg8 66.
Rb1 Rg3 67. Kxf5 Rxe3 68. Kf6 1-0

[Event "I C.to Mondiale Disabili"]
[Site "Dresda GER"]
[Date "2013.10.??"]
[Round "?"]
[White "Strzelecki, Jerzy"]
[Black "Grudina, Marco"]
[WhiteElo "2094"]
[BlackElo "1718"]
[Result "1-0"]
[PlyCount "59"]
[EventDate "2013.10.21"]

1. c4 Nf6 2. Nc3 e6 3. e4 d5 4. e5 d4 5. exf6 dxc3 6. bxc3 Qxf6 7. Nf3 e5 8.
Bd3 Bc5 9. O-O O-O 10. Be4 h6 11. d4 exd4 12. cxd4 Rd8 13. Be3 c6 14. Qc2 Bd6
15. Rab1 Na6 16. Rfd1 Rb8 17. d5 c5 18. a3 b6 19. Bc1 Qe7 20. Re1 Qc7 21. Bb2
Bg4 22. Ne5 Bd7 23. Bh7+ Kf8 24. Nxf7 Bf5 25. Bxf5 Qxf7 26. Be6 Qh5 27. Qh7
Qxh2+ 28. Kf1 Qh1+ 29. Ke2 Qh5+ 30. Kd3 1-0

[Event "I C.to Mondiale Disabili"]
[Site "Dresda GER"]
[Date "2013.10.??"]
[Round "?"]
[White "Tsapalin, Sergey"]
[Black "Grudina, Marco"]
[WhiteElo "1975"]
[BlackElo "1718"]
[Result "0-1"]
[PlyCount "74"]
[EventDate "2013.10.21"]

1. d4 d5 2. c4 e6 3. Nc3 Nf6 4. Bg5 Nbd7 5. cxd5 exd5 6. e3 c6 7. Bd3 Be7 8.
Nge2 O-O 9. O-O Re8 10. Qc2 Nf8 11. Rad1 Be6 12. Ng3 N6d7 13. Bxe7 Qxe7 14. f4
Bg4 15. Rde1 Nf6 16. h3 Bd7 17. e4 dxe4 18. Ngxe4 Nxe4 19. Nxe4 Qb4 20. Qf2 Ne6
21. f5 Nxd4 22. f6 g6 23. a3 Qb6 24. Kh1 Nf5 25. Qf4 Qd4 26. Bb1 Qe5 27. Qd2
Qd5 28. Qf4 Qe5 29. Qc1 Kh8 30. g4 Ng3+ 31. Nxg3 Qxg3 32. Qh6 Rg8 33. Ba2 Be8
34. Re7 c5 35. Bd5 Qd3 36. Bg2 Bc6 37. Qe3 Qxf1+ 0-1

[Event "I C.to Mondiale Disabili"]
[Site "Dresda GER"]
[Date "2013.10.??"]
[Round "?"]
[White "Vinciguerra, Riccardo"]
[Black "Balakhieva, Klavdia"]
[WhiteElo "1624"]
[BlackElo "1802"]
[Result "1-0"]
[PlyCount "105"]
[EventDate "2013.10.21"]

1. d4 d5 2. Nf3 Nc6 3. e3 a6 4. Bd3 g6 5. c3 Bd7 6. Nbd2 Bg7 7. b4 e5 8. e4 Bg4
9. h3 Bxf3 10. Nxf3 exd4 11. cxd4 dxe4 12. Bxe4 Qe7 13. Qd3 Nxb4 14. Qe3 O-O-O
15. Bb2 Bh6 16. Qe2 f5 17. Bxb7+ Kxb7 18. Ne5 Nd5 19. O-O Nf4 20. Qf3+ Nd5 21.
Rab1 Qe6 22. Qb3+ Qb6 23. Qxb6+ cxb6 24. Nf7 Rd7 25. Nxh8 Bg7 26. Nxg6 hxg6 27.
Rfe1 Nb4 28. Re8 Nf6 29. Re6 g5 30. a3 Nbd5 31. Re5 g4 32. Rxf5 gxh3 33. gxh3
Bf8 34. Rd1 Bd6 35. Bc1 Rg7+ 36. Kf1 Bh2 37. Bg5 Rg6 38. h4 Bc7 39. a4 Bf4 40.
Bxf4 Rg4 41. Bg3 Kc6 42. Rc1+ Kd7 43. Be5 Rxh4 44. Ke2 Ke6 45. Rxf6+ Nxf6 46.
Rc6+ Kd5 47. Rxf6 b5 48. axb5 a5 49. b6 a4 50. b7 Rh8 51. b8=Q Rxb8 52. Bxb8 a3
53. Ra6 1-0

[Event "I C.to Mondiale Disabili"]
[Site "Dresda GER"]
[Date "2013.10.??"]
[Round "?"]
[White "Vinciguerra, Riccardo"]
[Black "Suder, Ryszard"]
[WhiteElo "1624"]
[BlackElo "2131"]
[Result "0-1"]
[PlyCount "74"]
[EventDate "2013.10.21"]

1. d4 Nf6 2. Nf3 g6 3. Nc3 Bg7 4. e4 d6 5. Be3 O-O 6. h3 d5 7. e5 Ne4 8. Nxe4
dxe4 9. Nh2 c5 10. c3 Nc6 11. Bb5 Nxd4 12. Bxd4 cxd4 13. Qxd4 Qc7 14. Ng4 h5
15. Ne3 Qxe5 16. Qd5 Be6 17. Qxe5 Bxe5 18. Bc4 Bxc4 19. Nxc4 Bc7 20. O-O f5 21.
Rad1 Rfd8 22. Ne3 e6 23. Nc2 Kf7 24. Nd4 a6 25. Ne2 Rxd1 26. Rxd1 Rd8 27. Rxd8
Bxd8 28. b3 Bb6 29. c4 Kf6 30. Kf1 g5 31. a4 Ke5 32. g3 f4 33. Ke1 f3 34. Nc1
g4 35. h4 Kd4 36. Kd2 Ba5+ 37. Kc2 Be1 0-1

[Event "I C.to Mondiale Disabili"]
[Site "Dresda GER"]
[Date "2013.10.??"]
[Round "?"]
[White "Visco, Michele"]
[Black "Malina, Olga"]
[WhiteElo "1515"]
[BlackElo "1790"]
[Result "0-1"]
[PlyCount "36"]
[EventDate "2013.10.21"]

1. e4 e5 2. Nf3 Nc6 3. Bc4 Nf6 4. Ng5 d5 5. exd5 Nxd5 6. d3 Be6 7. Nxe6 fxe6 8.
Bb5 Bd6 9. Bxc6+ bxc6 10. Qg4 Qf6 11. Bg5 Qf5 12. Qxf5 exf5 13. O-O O-O 14. Nd2
h6 15. Bh4 g5 16. Bxg5 hxg5 17. Nc4 Nb4 18. Ne3 f4 0-1

[Event "I C.to Mondiale Disabili"]
[Site "Dresda GER"]
[Date "2013.10.??"]
[Round "?"]
[White "Visco, Michele"]
[Black "Russo Spena, Vincenzo"]
[WhiteElo "1515"]
[BlackElo "1486"]
[Result "1/2-1/2"]
[PlyCount "61"]
[EventDate "2013.10.21"]

1. e4 e5 2. Nf3 Nc6 3. Bc4 Bc5 4. c3 Nf6 5. d4 exd4 6. cxd4 Bb4+ 7. Bd2 Bxd2+
8. Nbxd2 d5 9. exd5 Nxd5 10. O-O O-O 11. Qc2 Nb6 12. Qc3 Nxc4 13. Nxc4 Bg4 14.
Nce5 Bxf3 15. Nxf3 Re8 16. Rfe1 Rxe1+ 17. Rxe1 Qd5 18. b3 Rd8 19. Rd1 h6 20. h3
Qd6 21. Rd3 Re8 22. Qc5 Qxc5 23. dxc5 Kf8 24. Kf1 Ne5 25. Nxe5 Rxe5 26. b4 a6
27. f4 Re4 28. g3 g5 29. a3 Ke7 30. Kf2 gxf4 31. Kf3 1/2-1/2